Religion Quiz

Random Religion Quiz

Seders of the Mishna Quiz Stats

 Plays Quiz not verified by Sporcle

Also try: Separated Apostles
Challenge
Share
Tweet
Embed
Score 0/6 Timer 04:00
0 Plays Today
% Correct
Nashim
100%
Nezikin
80%
Zeraim
80%
Moed
80%
Taharot
60%
Kadshim
45%

You're not logged in!

Compare scores with friends on all Sporcle quizzes.
Join for Free
OR
Log In

You Might Also Like...

Show Comments

Extras

Created Sep 23, 2009ReportFavoriteNominate
Tags:seder

Top Quizzes Today


Score Distribution

Your Account Isn't Verified!

In order to create a playlist on Sporcle, you need to verify the email address you used during registration. Go to your Sporcle Settings to finish the process.

Report this User

Report this user for behavior that violates our Community Guidelines.

Details: